000 00306nam a2200121 a 4500
001 4140
005 20140414131935.0
008 090218s19uu xx 00 eng d
050 _aREF 595.78
_bH49 2004
100 _aHewitt, Sally
245 _aLife cycles from caterpillar to butterflies.
999 _c112396
_d112396